New Interchange: English for international communication. Intro. Student's Book

Shranjeno v:
Bibliografske podrobnosti
Glavni avtor: Richards, Jack C (Author)
Format: Knjiga
Jezik:angleščina
Izdano: Cambridge Cambridge University 2000
Teme:
Oznake: Označite
Brez oznak, prvi označite!

MARC

LEADER 00000nam a2200000 a 4500
001 UCH3340
003 CL-VaPUC
008 090723e20000000uk |||||||||||||||||eng|d
020 |a 0521773997 
082 0 4 |a 428.8  |b RIC  |2 21 
100 0 |a Richards, Jack C  |e author  |9 538636 
245 1 0 |a New Interchange: English for international communication. Intro. Student's Book 
300 |a 105 p 
942 |c BK 
945 |d 20090723 00:00:00  |a dcastane 
260 |a Cambridge  |b Cambridge University  |c 2000 
650 0 |a Lengua inglesa  |9 318842 
650 0 |a Educación lingüística  |9 306506 
650 0 |a Libros de texto  |9 270019 
650 0 |a Métodos de enseñanza  |9 270413 
583 |a last modification  |c 20130807 01:33:22  |k Rodrigo Vera 
999 |c 334931  |d 334929